Las misiones no católicas en regiones de mayoría católica (Registro nro. 69492)
[ vista simple ]
| 000 -LÍDER | |
|---|---|
| Campo fijo de descripción fija | 01295nab a2200205 i 4500 |
| 001 - NÚMERO DE CONTROL | |
| Campo de control | 768714001 |
| 003 - IDENTIFICADOR DEL NÚMERO DE CONTROL | |
| Campo de control | CO-MdFUSB |
| 005 - FECHA Y HORA DE LA ULTIMA TRANSACCIÓN | |
| control field | 20240618062726.0 |
| 008 - ELEMENTOS DE LONGITUD FIJA -- INFORMACIÓN GENERAL | |
| Campo fijo de descripción fija -- Información general | 240502t1966 sp ||||| |||| 00| 0 spa d |
| 040 ## - FUENTE DE CATALOGACIÓN | |
| Idioma de catalogación | spa |
| Agencia que realiza la transcripción | CO-MdFUSB |
| Agencia que realiza la modificación | CO-MdFUSB |
| 041 ## - CÓDIGO DE IDIOMA | |
| Código de idioma para texto/pista de sonido o título separado | spa |
| 100 ## - ASIENTO PRINCIPAL--NOMBRE PERSONAL | |
| Nombre personal | Mejía, Jorge, |
| Término relacionador | autor |
| 245 #4 - TÍTULO | |
| Título | Las misiones no católicas en regiones de mayoría católica |
| Mención de responsabilidad | / Jorge Mejía |
| 520 ## - NOTA DE RESUMEN, ETC. | |
| Nota de sumario, etc. | Entre las nuevas situaciones a las que se enfrentan la teoría y la práctica ecuménicas, el pastor es el más afectado por el título. Los obispos y párrocos en general están abiertos al diálogo. Generalmente no hay temor a colaborar en organizaciones sociales populares y la gente está abierta a compartir oraciones y experiencias litúrgicas, pero la participación activa de misioneros no católicos es una cuestión irresoluble. ¿Cómo se puede aceptar que la propia fe de los creyentes sea perturbada o, si son débiles, despertada de manera estrictamente heterodoxa?<br/> |
| 650 #0 - ASIENTO SECUNDARIO DE MATERIA - TERMINO TEMÁTICO | |
| Término temático o nombre geográfico como elemento de entrada | Ecumenismo |
| Subdivisión general | Historia |
| 9 (RLIN) | 1146 |
| 650 #0 - ASIENTO SECUNDARIO DE MATERIA - TERMINO TEMÁTICO | |
| Término temático o nombre geográfico como elemento de entrada | Misiones |
| 9 (RLIN) | 154 |
| 773 0# - ASIENTO DE ITEM FUENTE | |
| Biblionumber | 49450 |
| Itemnumber | 82572 |
| Otro identificador del ítem | R2504 |
| Título | Revista internacional de teología Concilium |
| Número de control del registro | (CO-MdFUSB)8 |
| Número Internacional Normalizado para Publicaciones Seriadas (ISSN) | 0210-1041 |
| Parte(s) relacionada(s) / Volumen., número. (mes año), páginas | Número 14, (abril, 1966), páginas: 585 - 591 |
| Enumeración y primera página | página: 585 |
| 942 ## - TIPO DE MATERIAL (KOHA) | |
| Tipo de Item KOHA | Artículos de Revista |
| 945 ## - INFORMACIÓN LOCAL DEL REGISTRO | |
| Catalogador | Catherine Arias Álvarez practicante SENA |
No hay ítems disponibles.
